The wrong trousers (Record no. 36486)

MARC details
000 -LEADER
fixed length control field 00442nam a2200181Ia 4500
020 ## - INTERNATIONAL STANDARD BOOK NUMBER
ISBN 0582427754
050 ## - CALL MARK
Classification number PZ 7 .A53 W76/
100 ## - STATEMENT OF RESPONSIBILITY--MAIN AUTHOR NAME
Personal name Anderson, Kris
245 #4 - TITLE STATEMENT
Title The wrong trousers
260 ## - PUBLICATION, DISTRIBUTION, ETC. (IMPRINT)
Place of publication Oxford
260 ## - PUBLICATION, DISTRIBUTION, ETC. (IMPRINT)
Name of publisher Longman
260 ## - PUBLICATION, DISTRIBUTION, ETC. (IMPRINT)
Year of publication 2003
300 ## - PHYSICAL DESCRIPTION
Number of Pages 15 p
650 ## - SUBJECT ADDED ENTRY--TOPICAL TERM
Topical Term English language -- Study and teaching Readers - Level 1
942 ## - ADDED ENTRY ELEMENTS (KOHA)
Koha item type Books
Holdings
Withdrawn status Lost status Source of classification or shelving scheme Damaged status Not for loan Permanent Location Current Location Shelving location Date acquired Accession Number Price effective from Koha item type
    Library of Congress Classification     NILE UNIVERSITY OF NIGERIA - MAIN LIBRARY NILE UNIVERSITY OF NIGERIA - MAIN LIBRARY Items on shelf 04/23/2025 0006244 04/23/2025 Books